000
00298nam a2200109Ia 4500
008
230907s9999||||xx |||||||||||||| ||und||
082
_a
333.7
_b
HUS
100
_a
Hussen, Ahmed M.,
_9
115710
245
0
_a
Principles of environmental economics and sustainability :
300
_a
pages cm
942
_c
BK
999
_c
599217
_d
599217